Venezuela Presidents Quiz - Statistics

General Stats
  • This quiz has been taken 42 times
  • The average score is 24 of 61
Answer Stats
Name Party Period % Correct
Nicolás Maduro 2013 - 2026
93%
Hugo Chávez 1999 - 2013
83%
Carlos Andrés Pérez 1974 - 1979
70%
Carlos Andrés Pérez 1989 - 1993
70%
Rafael Caldera 1969 - 1974
60%
Rafael Caldera 1994 - 1999
60%
Juan Bautista Pérez INDEPENDENT 1929 - 1931
57%
Juan Vicente Gómez INDEPENDENT 1908 - 1913
57%
Juan Vicente Gómez INDEPENDENT 1922 - 1929
57%
Juan Vicente Gómez INDEPENDENT 1931 - 1935
57%
Marcos Pérez Jiménez INDEPENDENT 1952 - 1958
57%
Rómulo Betancourt 1945 - 1948
57%
Rómulo Betancourt 1959 - 1964
57%
Rómulo Gallegos 1948 - 1948
57%
Edmundo González Urrutia 2025 -
53%
Eleazar López Contreras INDEPENDENT 1935 - 1941
53%
Cipriano Castro 1899 - 1908
50%
Jaime Lusinchi 1984 - 1989
50%
José Antonio Páez 1830 - 1835
50%
José Antonio Páez 1839 - 1843
50%
José Antonio Páez 1861 - 1863
50%
Hermógenes López 1887 - 1888
47%
Isaías Medina Angarita 1941 - 1945
47%
Carlos Delgado Chalbaud INDEPENDENT 1948 - 1950
43%
Luis Herrera Campins 1979 - 1984
43%
Raúl Leoni 1964 - 1969
43%
Julián Castro 1858 - 1859
40%
Antonio Guzmán Blanco 1870 - 1877
37%
Antonio Guzmán Blanco 1879 - 1884
37%
Antonio Guzmán Blanco 1886 - 1887
37%
José Gregorio Monagas 1851 - 1855
37%
José María Vargas 1835 - 1836
37%
José Tadeo Monagas 1847 - 1851
37%
José Tadeo Monagas 1855 - 1858
37%
José Tadeo Monagas 1868 - 1868
37%
Wolfgang Larrazábal 1958 - 1958
37%
Germán Suárez Flamerich INDEPENDENT 1950 - 1952
33%
José Ruperto Monagas 1869 - 1870
33%
Ramón José Velásquez 1993 - 1994
33%
Carlos Soublette 1837 - 1839
30%
Carlos Soublette 1843 - 1847
30%
Ignacio Andrade 1898 - 1899
30%
Joaquín Crespo 1884 - 1886
30%
Joaquín Crespo 1892 - 1898
30%
Juan Crisóstomo Falcón 1863 - 1868
30%
Octavio Lepage 1993 - 1993
27%
Edgar Sanabria INDEPENDENT 1958 - 1959
23%
José Gil Fortoul INDEPENDENT 1913 - 1914
23%
Victorino Márquez Bustillos INDEPENDENT 1914 - 1922
23%
Guillermo Tell Villegas 1868 - 1869
20%
Guillermo Tell Villegas 1892 - 1892
20%
Manuel Felipe de Tovar 1859 - 1861
20%
Pedro Gual 1859 - 1859
20%
Andrés Narvarte 1835 - 1835
17%
Andrés Narvarte 1836 - 1837
17%
Francisco Linares Alcántara 1877 - 1878
17%
José Gregorio Valera 1878 - 1879
17%
José María Carreño 1837 - 1837
17%
Juan Pablo Rojas Paúl 1888 - 1890
17%
Manuel Bruzual 1868 - 1868
17%
Raimundo Andueza 1890 - 1892
17%
No matching quizzes found
Score Distribution
Percent of People with Each Score
Percentile by Number Answered
Your Score History
You have not taken this quiz